00324cam a22000977a 4500008004000000082002100040100001600061245009900077260003900176300001100215180718b1968 xxu||||| |||| 00| 0 eng d aR706x71 C16/ST/4 aISAAC, J.E. aTask force on labour relations, study no. 4 Compulsory arbitration in Australiacby J.E. ISAAC aOttawabPrivy Council Officec1968 av, 84p